UBT Library

Management information systems : (Record no. 1173)

000 -LEADER
fixed length control field 00629nam a22002057a 4500
008 - FIXED-LENGTH DATA ELEMENTS--GENERAL INFORMATION
fixed length control field 150923b xxu||||| |||| 00| 0 eng d
020 ## - INTERNATIONAL STANDARD BOOK NUMBER
International Standard Book Number 0131014986
041 0# - LANGUAGE CODE
Language code of text/sound track or separate title eng
080 ## - UNIVERSAL DECIMAL CLASSIFICATION NUMBER
Universal Decimal Classification number 658:004
100 1# - Rafti
Rafti Laudon, Kenneth C.,
245 10 - TITLE STATEMENT
Title Management information systems :
Statement of responsibility, etc Kenneth C. Laudon, Jane P. Laudon.
250 ## -
-- 8th ed.
260 ## -
-- Upper Saddle River, N.J. :
-- Prentice Hall,
-- 2004.
300 ## -
-- xxxii, 534 f. :
-- me il.;
-- 29 cm.
650 #0 -
-- Menaxhimi i sistemeve te informacionit
650 #0 -
-- Biznes
650 #0 -
-- Kompjuterët
700 1# -
-- Laudon, Jane P.
942 ## - ADDED ENTRY ELEMENTS (KOHA)
Source of classification or shelving scheme
Item type Books
Holdings
Withdrawn status Lost status Source of classification or shelving scheme Damaged status Not for loan Collection code Permanent location Current location Shelving location Date acquired Total Checkouts Full call number Barcode Date last seen Price effective from Koha item type
          Koleksioni i përgjithshem UBT - Lipjan UBT - Lipjan Koleksioni i përgjithshem 10/20/2017   338 LAU 002-2932782 10/20/2017 10/20/2017 Books
UBT Library © 2015-2024. All rights reserved University Education for Business and Technology